00342nam a22001457a 4500003000400000005001700004008004100021020001500062040000700077082001100084100001900095245006300114260001100177300000800188OSt20211227155108.0211227b |||||||| |||| 00| 0 eng d a1861006284 cHU a005.13 aFraser Stewart aBeginning C\ xml: Essential XML Skills For C\\Progerammers aUSbus f729